Zmagania na peryferiach
| Titel: | Zmagania na peryferiach : elity III RP o Rosji / Andrzej Turkowski |
|---|---|
| Verfasser: | |
| Ausgabe: | Wydanie pierwsze |
| Veröffentlicht: | Warszawa : Wydawnictwo Naukowe Scholar, 2020 |
| Umfang: | 269 Seiten : Diagramme ; 24 cm |
| Format: | Buch |
| Sprache: | Polnisch |
| ISBN: | 9788366470170 ; 8366470172 |
| Hinweise zum Inhalt: |
Inhaltsverzeichnis
Literaturverzeichnis Register // Personenregister |
alg: 49863390 001A $03019:25-08-22 001B $03019:25-08-22 $t10:22:41.000 001D $03019:25-08-22 001U $0utf8 001X $00 002@ $0Aau 002C $aText $btxt $2rdacontent 002D $aohne Hilfsmittel zu benutzen $bn $2rdamedia 002E $aBand $bnc $2rdacarrier 003@ $049863390X 004A $A978-83-66470-17-0 004A $083-66470-17-2 006C $01238062034 $aOCoLC 007A $0BV047143738 $aBVB 009P $qapplication/pdf $3Inhaltsverzeichnis $uhttp://bvbr.bib-bvb.de:8991/F?func=service&doc_library=BVB01&local_base=BVB01&doc_number=032549607&sequence=000001&line_number=0001&func_code=DB_RECORDS&service_type=MEDIA $mDigitalisierung BSB München 19 - ADAM Catalogue Enrichment 009P $qapplication/pdf $3Literaturverzeichnis $uhttp://bvbr.bib-bvb.de:8991/F?func=service&doc_library=BVB01&local_base=BVB01&doc_number=032549607&sequence=000003&line_number=0002&func_code=DB_RECORDS&service_type=MEDIA $mDigitalisierung BSB München 19 - ADAM Catalogue Enrichment 009P $qapplication/pdf $3Register // Personenregister $uhttp://bvbr.bib-bvb.de:8991/F?func=service&doc_library=BVB01&local_base=BVB01&doc_number=032549607&sequence=000005&line_number=0003&func_code=DB_RECORDS&service_type=MEDIA $mDigitalisierung BSB München 19 - ADAM Catalogue Enrichment 010@ $apol 010E $erda 011@ $a2020 $n2020 021A $aZmagania na peryferiach $delity III RP o Rosji $hAndrzej Turkowski 028A $BVerfasser $4aut $8Turkowski, Andrzej [Tp3] $9475821785 032@ $aWydanie pierwsze 033A $pWarszawa $nWydawnictwo Naukowe Scholar 034D $a269 Seiten 034I $a24 cm 034M $aDiagramme 037A $aLiteraturverzeichnis Seite 232-257 044A $aElita (nauki społeczne) / Polska / 1990- $S#0 $N653 044A $aOpinia publiczna / Polska / 1990- $S#0 $N653 044A $aRosja / stosunki / Polska / 1990- $S#2 $N653 044A $aPolska / stosunki / Rosja / 1990- $S#2 $N653 044K $qBVB $RPublizistikwissenschaft $#Journalism $#Journalisme $#Publizistik $74047770-8 $8Publizistik [Ts1] $9085133213 044K $qBVB $RPolitikberatung $RForschungsinstitut $#Research institutes $#Clubs de réflexion $#Think Tank $#Denkfabrik $#Think-Tank $#Think Tank $77566594-3 $8Thinktank [Ts1] $9185677754 044K $qBVB $RWeltpolitik $RAußenpolitik $RInternationales politisches System $#International relations $#Relations internationales $#Relazioni internazionali $#Relaciones internacionales $#Internationale Politik $#internationale Politik $#bilaterale Beziehungen $#internationale Beziehungen $#Internationale Beziehungen $#Politische Beziehungen Internationale Politik $#Zwischenstaatliche Beziehungen $74072885-7 $8Internationale Politik [Tsz] $9085205222 044K $qBVB $RKader $ROberschicht $#Elite (Social sciences) $#Political leadership $#Élite (sciences sociales) $#Élite (sciences sociales) Éducation $#Classes dirigeantes $#Elite $#Élites $#Elite $#Elite $#Elitebildung $#Führungsgruppe $#Führungsschicht $#Eliten $74014457-4 $8Elite [Ts1] $9085032360 044K $qBVB $RMeinung $RÖffentlichkeit $RMeinungsbildung $RVolksstimmung $#Public opinion $#Opinion publique $#Opinione pubblica $#Opinión pública $#Öffentliche Meinung $#öffentliche Meinung $74043152-6 $8Öffentliche Meinung [Ts1] $9085120383 044K $qBVB $RRelation $#Wechselbeziehung $#Beziehungen $74145198-3 $8Beziehung [Ts1] $9085577189 044K $qBVB $RPolen-Litauen $RKongresspolen $RWestgalizien $RStaat Krakau $#Generalgouvernement Polen $#Polska $#Rzeczpospolita Polska $#Polska Rzeczpospolita Ludowa $#Poland $#Pologne $#République Polonaise $#Generalne Gubernatorstwo w Polsce $#Polish People's Republic $#Polska Rzeczpospolita Polen $#PRL $#RP $#Polen Generalgouvernement $#Polska Generalgouvernement $#Besetzte Polnische Gebiete $#Besetztes Gebiet in Polen $#Okupowane Polskie Obszary $#Obszary Okupowane w Polsce $#Volksrepublik Polen $#Polska Rosyjska $#Republic Polen $#Respublika Pol'ša $#Pol'skaja Narodnaja Respublika $#République de Pologne $#Polen Links der Weichsel $#Polska po Lewej Stronie Wisły $#Lenkija $#Polija $#Gubernija Carstva Pol'skago $#Republik Polen $74046496-9 $8Polen [Tg1] $9085129801 044K $qBVB $RRussische SFSR $#Russland $#Russland $#Россия $#Rußland $#Krievija $#Federazione Russa $#RF $#Großrussland $#Großrußland $#Russia -1917; 1992- $#Rossijskaja Imperija $#Russie $#Empire de Russie $#Russian Federation $#Federacja Rosyjska $#Rosja $#Rossija $#Rossijskaja Federacija $#Russische Föderation $#RF Rossija $#Russia $#Russland -1917 ; 1992- $#Russisches Reich $#РФ $#Российская Федерация $#Российская Империя $74076899-5 $8Russland [Tgz] $9085217913 045R $aGeschichte 1990-2010 045T $aOST $qDE-12 $2FID lok: 49863390 66 101B $025-08-22 $t10:22:41.000 101C $025-08-22 101U $0utf8 144Z/01 $astosunki Rosja-Polska 144Z/02 $aElity polskie exp: 49863390 66 1 #EPN 201B/01 $025-08-22 $t10:22:41.000 201C/01 $025-08-22 201U/01 $0utf8 203@/01 $01212922859 208@/01 $a25-08-22 $bz 209A/01 $aGk Turk/Z $du $f000 $x00 209C/01 $a22/h837 247C/01 $8618123-5Darmstadt, Bibliothek des Deutschen Polen-Instituts $9102600902 lok: 49863390 78 exp: 49863390 78 1 #EPN 201B/01 $030-10-24 $t15:09:08.000 201C/01 $030-10-24 201U/01 $0utf8 203@/01 $01278947264 208@/01 $a30-10-24 $be 209A/01 $a/ $f000 $x00 209A/01 $ab*p $x01 220C/01 $apgar 244Z/01 $#Generalgouvernement Polen $#Polska $#Rzeczpospolita Polska $#Polska Rzeczpospolita Ludowa $#Poland $#Pologne $#République Polonaise $#Generalne Gubernatorstwo w Polsce $#Polish People's Republic $#Polska Rzeczpospolita Polen $#PRL $#RP $#Polen Generalgouvernement $#Polska Generalgouvernement $#Besetzte Polnische Gebiete $#Besetztes Gebiet in Polen $#Okupowane Polskie Obszary $#Obszary Okupowane w Polsce $#Volksrepublik Polen $#Polska Rosyjska $#Republic Polen $#Respublika Pol'ša $#Pol'skaja Narodnaja Respublika $#République de Pologne $#Polen Links der Weichsel $#Polska po Lewej Stronie Wisły $#Lenkija $#Polija $#Gubernija Carstva Pol'skago $#Republik Polen $74046496-9 $8--Tg1--Polen $x01 $9085129801 247C/01 $82080>Marburg/Lahn, Herder-Institut, Forschungsbibliothek, Bibliographieportal $9336309341
| LEADER | 00000nam a2200000 c 4500 | ||
|---|---|---|---|
| 001 | 49863390X | ||
| 003 | DE-603 | ||
| 005 | 20220825102241.0 | ||
| 007 | tu | ||
| 008 | 220825s2020 xx |||| | u00||u|pol c | ||
| 020 | |a 9788366470170 | ||
| 020 | |a 8366470172 | ||
| 035 | |a (DE-599)BVBBV047143738 | ||
| 040 | |a DE-603 |b ger |c DE-603 |d DE-603 |e rda | ||
| 041 | |a pol | ||
| 084 | |a OST |q DE-12 |2 fid | ||
| 100 | 1 | |a Turkowski, Andrzej |e Verfasser |4 aut |0 (DE-603)475821785 |0 (DE-588)122738436X |2 gnd | |
| 245 | 0 | 0 | |a Zmagania na peryferiach |b elity III RP o Rosji |c Andrzej Turkowski |
| 250 | |a Wydanie pierwsze | ||
| 264 | 1 | |a Warszawa |b Wydawnictwo Naukowe Scholar |c 2020 | |
| 300 | |a 269 Seiten |b Diagramme |c 24 cm | ||
| 336 | |a Text |b txt |2 rdacontent | ||
| 337 | |a ohne Hilfsmittel zu benutzen |b n |2 rdamedia | ||
| 338 | |a Band |b nc |2 rdacarrier | ||
| 500 | |a Literaturverzeichnis Seite 232-257 | ||
| 648 | 7 | |a Geschichte 1990-2010 |2 gnd | |
| 650 | 7 | |a Publizistik |0 (DE-588)4047770-8 |0 (DE-603)085133213 |2 gnd | |
| 650 | 7 | |a Thinktank |0 (DE-588)7566594-3 |0 (DE-603)185677754 |2 gnd | |
| 650 | 7 | |a Internationale Politik |0 (DE-588)4072885-7 |0 (DE-603)085205222 |2 gnd | |
| 650 | 7 | |a Elite |0 (DE-588)4014457-4 |0 (DE-603)085032360 |2 gnd | |
| 650 | 7 | |a Öffentliche Meinung |0 (DE-588)4043152-6 |0 (DE-603)085120383 |2 gnd | |
| 650 | 7 | |a Beziehung |0 (DE-588)4145198-3 |0 (DE-603)085577189 |2 gnd | |
| 651 | 7 | |a Polen |0 (DE-588)4046496-9 |0 (DE-603)085129801 |2 gnd | |
| 651 | 7 | |a Russland |0 (DE-588)4076899-5 |0 (DE-603)085217913 |2 gnd | |
| 856 | 4 | 2 | |m Digitalisierung BSB München 19 - ADAM Catalogue Enrichment |q application/pdf |u http://bvbr.bib-bvb.de:8991/F?func=service&doc_library=BVB01&local_base=BVB01&doc_number=032549607&sequence=000001&line_number=0001&func_code=DB_RECORDS&service_type=MEDIA |3 Inhaltsverzeichnis |
| 856 | 4 | 2 | |m Digitalisierung BSB München 19 - ADAM Catalogue Enrichment |q application/pdf |u http://bvbr.bib-bvb.de:8991/F?func=service&doc_library=BVB01&local_base=BVB01&doc_number=032549607&sequence=000003&line_number=0002&func_code=DB_RECORDS&service_type=MEDIA |3 Literaturverzeichnis |
| 856 | 4 | 2 | |m Digitalisierung BSB München 19 - ADAM Catalogue Enrichment |q application/pdf |u http://bvbr.bib-bvb.de:8991/F?func=service&doc_library=BVB01&local_base=BVB01&doc_number=032549607&sequence=000005&line_number=0003&func_code=DB_RECORDS&service_type=MEDIA |3 Register // Personenregister |
| 924 | 0 | |9 Ds 123 |a (DE-603)1212922859 |b DE-Ds123 |c HES |d d |g Gk Turk/Z | |
| 924 | 0 | |9 2080 |a (DE-603)1278947264 |b DE-2080 |c HES |d d |g / | |


